| Tag |
First Indicator |
Second Indicator |
Subfields |
| LEADER |
00000cam a2200000 4500 |
| 001 |
in00000049605 |
| 005 |
20151007073651.0 |
| 008 |
800610s1963 si a f00010 eng d |
| 035 |
|
|
|a (OCoLC)06404559
|
| 035 |
|
|
|9 AAF0142AM
|
| 040 |
|
|
|a TXA
|c TXA
|d UtOrBLW
|
| 049 |
|
|
|a TXAM
|c [472930]
|
| 090 |
|
|
|a QK495.O64
|b H45 1963
|
| 092 |
|
|
|a 584.15
|b H497m, 1963
|
| 100 |
1 |
|
|a Henderson, M. R.
|q (Murray Ross),
|d 1899-
|
| 245 |
1 |
0 |
|a Malayan orchid hybrids /
|c [by] M. R. Henderson and G. H. Addison.
|
| 250 |
|
|
|a [Popular ed.].
|
| 264 |
|
1 |
|a Singapore :
|b Govt. Print. Off,
|c [1963]
|
| 300 |
|
|
|a 191 pages :
|b illustrations (part color)
|
| 336 |
|
|
|a text
|b txt
|2 rdacontent
|
| 337 |
|
|
|a unmediated
|b n
|2 rdamedia
|
| 338 |
|
|
|a volume
|b nc
|2 rdacarrier
|
| 650 |
|
0 |
|a Orchids
|z Malaysia
|z Malaya.
|
| 700 |
1 |
|
|a Addison, George Henry,
|d 1911-
|
| 999 |
|
|
|a MARS
|
| 999 |
f |
f |
|s 6dd110ca-d468-3ae9-afb4-f23c5ee1f80a
|i 172ff45e-183f-366e-ae87-e3e0789b9cfe
|t 0
|
| 952 |
f |
f |
|p ric
|a Texas A&M University
|b Rellis Campus
|c Joint Library Facility
|d Remote Storage
|t 0
|e QK495.O64 H45 1963
|h Library of Congress classification
|i unmediated -- volume
|m A14800996533
|
| 998 |
f |
f |
|a QK495.O64 H45 1963
|t 0
|l Remote Storage
|